000 00844nam a2200205Ia 4500
005 20241129111343.0
008 241129s9999||||xx |||||||||||||| ||und||
037 _aTB
040 _aCRL
_bpun
_cCRL
041 _apun
_2pun
084 _aO153,1:g N1;P1
_qCRL
100 _aਘੁੰਮਣ, ਬਿਕਰਮ ਸਿੰਘ, ਥਦ।
_9168295
245 0 _aਪੰਜਾਬੀ ਕਿੱਸਾ ਕਾਵਿ ਦਾ ਬਿਰਤਾਂਤ ਸ਼ਾਸਤਰ
_cਘੁੰਮਣ, ਬਿਕਰਮ ਸਿੰਘ, ਥਦ।
260 _aਅੰਮ੍ਰਿਤਸਰ, ਭਾਰਤ
_bਅੰਮ੍ਰਿਤਸਰ ਗੁਰੂ ਨਾਨਕ ਦੇਵ ਯੂਨੀਵਰਸਿਟੀ
_c2001
300 _a224ਪ੍ਰ0
365 _aINR
_b325
650 _aPunjabi LiteraturePoetry
_9726276
942 _cTB
_hO153,1:g N1;P1
999 _c1230072
_d1230072